La "presura" (Record no. 46094)

MARC details
000 -LEADER
campo de control de longitud fija 00797nam a2200181 i 4500
001 - NÚMERO DE CONTROL
campo de control 46094
003 - IDENTIFICADOR DE NÚMERO DE CONTROL
campo de control ES-MaACL
005 - FECHA Y HORA DE LA ÚLTIMA TRANSACCIÓN
campo de control 20230906161328.0
007 - CAMPO FIJO DE DESCRIPCIÓN FÍSICA--INFORMACIÓN GENERAL
campo de control de longitud fija t|
008 - DATOS DE LONGITUD FIJA--INFORMACIÓN GENERAL
campo de control de longitud fija 030327s1946 sp ||||1| spa d
100 1# - ENTRADA PRINCIPAL--NOMBRE DE PERSONA
Nombre de persona Concha y Martínez, Ignacio de la.
9 (RLIN) 40077
245 13 - MENCIÓN DEL TÍTULO
Título La "presura"
Resto del título : la ocupación de tierras en los primeros siglos de la reconquista /
Mención de responsabilidad, etc. Ignacio de la Concha y Martínez.
260 ## - PUBLICACIÓN, DISTRIBUCIÓN, ETC.
Lugar de publicación, distribución, etc. Madrid :
Nombre del editor, distribuidor, etc. Consejo Superior de Investigaciones Científicas, Instituto Francisco de Vitoria,
Fecha de publicación, distribución, etc. 1946 (
Fabricante Rivadeneyra)
300 ## - DESCRIPCIÓN FÍSICA
Extensión 152 p. ;
Dimensiones 19 cm.
500 ## - NOTA GENERAL
Nota general Es separata de: Instituto Nacional de Estudios Jurídicos. Serie 3ª. Monografías de Derecho Español. Nº 4.
710 2# - ENTRADA AGREGADA--NOMBRE DE ENTIDAD CORPORATIVA
Nombre de entidad corporativa o nombre de jurisdicción como elemento de entrada Instituto Nacional de Estudios Jurídicos (España)
9 (RLIN) 5163
852 ## - LOCALIZACIÓN
Ubicación ES-MaACL
Número de control de estantería B-10575
Sublocalización o colección R.22362
Holdings
Estatus retirado Estado de pérdida Estado de daño No para préstamo Biblioteca de origen Biblioteca actual Ubicación en estantería Fecha de adquisición Fuente de adquisición Total de préstamos Signatura topográfica completa Código de barras Visto por última vez Precio de reemplazo Tipo de ítem Koha
        Biblioteca del Ateneo de Madrid Biblioteca del Ateneo de Madrid Sala Pardo Bazán 17/01/2008     B-10575 1048490 23/02/2023 23/02/2023 Libro impreso